000 00544nam a2200193Ia 4500
999 _c34541
_d34541
003 OSt
005 20200903130021.0
008 190216s9999||||xx |||||||||||||| ||und||
020 _a9788120342965
040 _coclc
082 _a531
_bSON/M
100 _aSoni, Vidwan Singh
_94412
245 0 _aMechanics And Relativity /
_cVidwan Singh Soni
250 _a2nd Ed.
260 _bPhi Learning Private Limited,
_c2011.
_aNew Delhi:
300 _a376p
650 _aPhysics
942 _cBK
_2ddc
_h531
_iSON/M
_k531
_mSON/M